Statistieken voor Antwerpse premetrostations

Klik hier om de quiz te nemen!

Algemene statistieken

  • Deze quiz is 5 keer genomen
  • De gemiddelde score is 12 van 19

Antwoordstatistieken

Antwoord% Correct
Astrid
100%
Diamant
100%
Groenplaats
100%
Handel
100%
Meir
100%
Opera
100%
Sport
100%
Plantin
80%
Schijnpoort
80%
Van Eeden
80%
Elisabeth
60%
Carnot
40%
Drink
40%
Zegel
40%
Collegelaan
20%
Foorplein
20%
Morckhoven
20%
Sint-Willibrordus
20%
Stuivenberg
20%

Scoreverdeling

Percentiel versus Aantal Correcte Antwoorden

Procent van Mensen met Elke Score

Uw Scoregeschiedenis

U heeft deze quiz nog niet genomen